000 01329nam a22002895i 4500
001 163434
003 ES-MaACL
005 20260204133624.0
008 991209s1869 sp |||| | spa d
080 _a930 Alfonso (460.18) X
245 0 0 _aDiscursos leídos ante la Academia de la Historia, en la recepción pública de Don Juan Facundo Riaño, el día 10 de octubre de 1869.
260 _aMadrid :
_b[s.n.],
_c1869 (
_fImp. y Estereotípia de M. Rivadeneyra)
300 _a61 p. ;
_c25 cm.
530 _aDisponible en formato digital.
594 _aTema: Alfonso X el Sabio.
594 _aRecoge el discurso de recepción de Juan Facundo Riaño, y el de contestación de Eduardo Saavedra.
600 0 4 _aAlfonso
_bX,
_cRey de Castilla
_919872
650 4 _aHistoriografía-
_zEspaña-
_yS.V-XV.
_9153136
700 1 _aRiaño, Juan Facundo,
_d1828-1901
_996682
700 1 _aSaavedra, Eduardo,
_d1829-1912
_9101132
710 2 _aReal Academia de la Historia (España)
_96309
852 _aES-MaACL
_jF-M-III-G
_z Encuadernación holandesa, falto de la encubierta original
_zEncuadernación en un volumen facticio
_cDEPO1
852 _aES-MaACL
_jT-102-F-3
_cDEPO2
856 4 _uhttp://bdh-rd.bne.es/viewer.vm?id=0000041796&page=1
_yBiblioteca Digital Hispánica
942 _2udc
999 _c163434
_d163434